000 01389nam a2200241 a 4500
001 000017812
005 20240412074248.0
008 100406t1992 dr ach 001 0bspa d
040 _aDO-SdBNP
_bspa
_cBNPHU
082 _a928.61
_bD353r
100 1 _aRoca, Frank A.
_936630
245 1 0 _aGastón Fernando Deligne :
_bsemblanza /
_cFrank A. Roca.
260 _aSanto Domingo :
_bComisión Organizadora Permanente de la Feria Nacional del Libro,
_c1992.
300 _a97 p. :
_bil., facsíms., retrs. ;
_c22 cm.
500 _aIncluye referencias bibliográficas y notas al pie de las páginas.
504 _aBibliografía : p. 92-96.
505 0 _aLiminar in memoriam --
_tNotas biográficas --
_tProducción poética --
_tLa prosa de Deligne --
_tSu amistad con Federico Henríquez y Carvajal --
_tSu rechazo al título de Poeta Nacional --
_tEvocando la apoteósis de 1976 --
_tFinal. Consagración del poeta como Prócer civil --
_tIngreso al Panteón Nacional (reseñas periodísticas) --
_tObras de Gastón F. Deligne --
_tFuentes documentales --
_tBibliografía citada.
586 _aPrimer premio en el concurso Centenario de la Provincia de San Pedro de Macorís, Universidad Central del Este, 1982.
600 1 4 _aDELIGNE, GASTÓN FERNANDO,
_d1861-1913
_938709
650 4 _aAutores dominicanos
_91890
650 0 _aLiteratura dominicana.
_967
910 _aValidado. Control de calidad EMS.
999 _c17337
_d17337